[Event "ESP-chT Regional U14"]
[Site "Gijon"]
[Date "2021.06.20"]
[Round "6.1"]
[White "Carvajal Costa, Daniel"]
[Black "Hornero Perez, Mario I"]
[Result "1/2-1/2"]
[WhiteElo "1279"]
[BlackElo "1724"]
[PlyCount "61"]
[EventDate "2021.06.17"]
[EventType "team-swiss"]
[EventRounds "6"]
[EventCountry "ESP"]
[SourceTitle "EXT 2022"]
[Source "ChessBase"]
[SourceDate "2021.10.06"]
[SourceVersion "1"]
[SourceVersionDate "2021.10.06"]
[SourceQuality "1"]
[WhiteTeam "La Rioja U14"]
[BlackTeam "Cantabria U14"]
[WhiteTeamCountry "ESP"]
[BlackTeamCountry "ESP"]

1. d4 Nf6 2. Bf4 g6 3. Nf3 Bg7 4. e3 d6 5. Be2 Nbd7 6. h3 a6 7. c4 0-0 8. Nc3 c5 9. 0-0 Rb8 10. Bh2 Qa5 11. a3 Qc7 12. Rc1 cxd4 13. exd4 b6 14. b4 Bh6 15. Rc2 Nh5 16. Nd5 Qd8 17. g4 Nhf6 18. Nxf6+ Nxf6 19. g5 Bxh3 20. Re1 Ne4 21. gxh6 Qd7 22. Bf1 Qg4+ 23. Kh1 Bxf1 24. Rxf1 Qh3 25. Re1 f5 26. Qd3 Ng5 27. Rc3 Ne4 28. Rxe4 fxe4 29. Qxe4 Qf1+ 30. Ng1 Rxf2 31. Qd5+ 1/2-1/2

[Event "ESP-chT Regional U14"]
[Site "Gijon"]
[Date "2021.06.17"]
[Round "1.2"]
[White "Hornero Perez, Mario I"]
[Black "Perea Fruet, Lorenzo"]
[Result "0-1"]
[WhiteElo "1724"]
[BlackElo "2044"]
[PlyCount "84"]
[EventDate "2021.06.17"]
[EventType "team-swiss"]
[EventRounds "6"]
[EventCountry "ESP"]
[SourceTitle "EXT 2022"]
[Source "ChessBase"]
[SourceDate "2021.10.06"]
[SourceVersion "1"]
[SourceVersionDate "2021.10.06"]
[SourceQuality "1"]
[WhiteTeam "Cantabria U14"]
[BlackTeam "Andalucia U14"]
[WhiteTeamCountry "ESP"]
[BlackTeamCountry "ESP"]

1. e4 c5 2. Nc3 Nc6 3. g3 g6 4. Bg2 Bg7 5. d3 d6 6. Be3 Nf6 7. h3 Rb8 8. Qd2 b5 9. Nge2 Bd7 10. Bh6 0-0 11. Bxg7 Kxg7 12. 0-0 a5 13. f4 b4 14. Nd1 a4 15. g4 h5 16. g5 Nh7 17. Ne3 e5 18. h4 f6 19. Nc4 Bg4 20. fxe5 fxe5 21. Rxf8 Nxf8 22. Rf1 Ne6 23. Bf3 Bxf3 24. Rxf3 Qe7 25. Ne3 Nc7 26. Ng3 Nd4 27. Rf2 Rf8 28. Kg2 Rxf2+ 29. Qxf2 Qf7 30. Nc4 Qxf2+ 31. Kxf2 Ncb5 32. Ne3 a3 33. bxa3 Nxa3 34. Ngf1 Ndxc2 35. Nd2 Nxe3 36. Kxe3 Nc2+ 37. Kf2 Kf7 38. Nc4 Ke6 39. Ke2 Nd4+ 40. Ke3 Nb5 41. Kd2 Nc3 42. a3 Nb1+ 0-1

[Event "ESP-ch U10"]
[Site "Salobrena Granada"]
[Date "2017.07.04"]
[Round "3"]
[White "Serrano Almendros, Angel"]
[Black "Hornero Perez, Mario I"]
[Result "1/2-1/2"]
[WhiteElo "1269"]
[BlackElo "1436"]
[PlyCount "60"]
[EventDate "2017.07.03"]
[EventType "swiss"]
[EventRounds "9"]
[EventCountry "ESP"]
[SourceTitle "EXT 2024"]
[Source "ChessBase"]
[SourceDate "2023.10.10"]
[SourceVersion "1"]
[SourceVersionDate "2023.10.10"]
[SourceQuality "1"]

1. e4 e6 2. d4 d5 3. e5 c5 4. c3 Nc6 5. Nf3 Qb6 6. Bd3 Bd7 7. Bc2 Nh6 8. a3 Nf5 9. Bxf5 exf5 10. b4 c4 11. Nbd2 h6 12. Bb2 Be7 13. Qc2 0-0-0 14. 0-0-0 g5 15. h3 g4 16. hxg4 fxg4 17. Nh2 Bg5 18. f3 gxf3 19. Nhxf3 Bg4 20. Rdf1 Be6 21. Rh2 Rdf8 22. Rfh1 Qd8 23. g3 Ne7 24. Qa4 Kb8 25. Qb5 a6 26. Qc5 b6 27. Qd6+ Qxd6 28. exd6 Ng6 29. Ne5 Nxe5 30. dxe5 Rfg8 1/2-1/2